000
00226nam a2200097 a 4500
005
20140414132011.0
008
110310s19uu xx 00 eng d
050
_a
VCD
_b
P93
245
_a
Princess Stories Vol 3.
999
_c
113278
_d
113278